000 00736nja a2200205 a 4500
003 BLK
005 20180422123810.0
008 180414c bul|r|ner|||| 00| c0bul d
010 _aNOT00001527016
040 _aBLK
100 1 _aДимитрова, Евгения
_eпърви автор
_9388942
700 1 _aПеткова, Велина
_eтекст
_9388735
245 1 0 _aНа мама
_cЕвгения Димитрова; текст Велина Петкова.
257 _aBGR
380 _a7
773 _0303184
_9654858
_aДимитрова, Евгения
_tАнсамбли за малките пианисти
852 _aЦб М ІІ 11599
942 _cNOT
_n0
944 _aCR
_c29.02.2016
_kИрена_Линкова
944 _aED
_c29.02.2016
_kИрена_Линкова
999 _c303200
_d303200